Principles of warmwater aquaculture

Đã lưu trong:
Sonraí Bibleagrafaíochta
Príomhúdar: Stickney, Robert R.
Formáid: Leabhar
Teanga:Undetermined
Foilsithe: New York John Wiley & Sons 1979
Ábhair:
Clibeanna: Cuir Clib Leis
Gan Chlibeanna, Bí ar an gcéad duine leis an taifead seo a chlibeáil!
Thư viện lưu trữ: Trung tâm Học liệu Trường Đại học Cần Thơ
LEADER 00497nam a2200181Ia 4500
001 CTU_38894
008 210402s9999 xx 000 0 und d
082 |a 639.34 
082 |b S854 
100 |a Stickney, Robert R. 
245 0 |a Principles of warmwater aquaculture 
245 0 |c Robert R. Stickney 
260 |a New York 
260 |b John Wiley & Sons 
260 |c 1979 
650 |a Aquaculture,Channel catfish 
904 |i Giang 
980 |a Trung tâm Học liệu Trường Đại học Cần Thơ